đź“–150 premiers mots "Poil de carotte" Jules Renard - Statistiques

Statistiques générales
  • Ce quiz a Ă©tĂ© pris 34 fois
  • Le rĂ©sultat moyen est 80 sur 150
Statistiques - réponses
Mots % Correct
a
100%
Ă 
100%
Ernestine ?
100%
Ernestine
100%
l'
100%
Lepic,
100%
Lepic
100%
Lepic.
100%
s'
100%
C'
95%
Carotte,
95%
j'
95%
- Oh !
95%
Poil
95%
d'
90%
la
90%
LĂ -
90%
le
90%
m'
90%
n'
90%
et
85%
- Et
85%
est
80%
- Félix,
80%
Félix,
80%
Félix
80%
sa
80%
au
75%
de
75%
en
75%
Honorine
75%
ne
75%
né, ...
75%
On
75%
pas
75%
son
75%
suis
75%
bas,
70%
Elle
70%
Je
70%
- Je
70%
je
70%
ses
70%
ce
65%
des
65%
les
65%
par
65%
pour
65%
qu'
65%
que
65%
tu
65%
dans
60%
Ils
60%
si
60%
dit
55%
frère
55%
Grand
55%
Mme
55%
petit
55%
toi
55%
va
55%
y
55%
garçon
50%
moi,
50%
sœur
50%
cour,
45%
sur
45%
aux
40%
encore
40%
enfants.
40%
plus.
40%
tout
40%
trop
40%
fond
35%
grande
35%
occuper
35%
poules.
35%
poules
35%
poules,
35%
poules !
35%
très
35%
aurai
30%
dernier-
30%
ici
30%
nuit,
30%
oublié
30%
peut
30%
porte
30%
aîné
25%
allais
25%
bĂŞte !
25%
trois
25%
vrai.
25%
amour
20%
donne
20%
fermer
20%
fermer ?
20%
maman,
20%
peur !
20%
fenĂŞtre.
15%
nom
15%
parie,
15%
pensais
15%
table,
15%
assurer
10%
contre
10%
indolent
10%
tĂŞte
10%
carré
5%
découpe,
5%
lisent,
5%
noir
5%
ouverte.
5%
pâle,
5%
toit
5%
coudes
0%
- Dieu,
0%
front
0%
front.
0%
intéressés,
0%
lèvent
0%
peine
0%
poltron.
0%
presque
0%
répondre.
0%
Aucun quiz correspondant
Distribution des résultats
% des personnes avec chaque résultat
Percentile par nombre de réponses
Votre historique - résultats
Vous n’avez pas pris ce quiz